| 000 | 00916nam a2200325 a 4500 | ||
|---|---|---|---|
| 003 | AR-BaBNM | ||
| 005 | 20251128204500.0 | ||
| 008 | 082120s2002 ||||||||||||||000 | spa|| | ||
| 020 | _a950-36-0117-7 | ||
| 040 | _cAR-BaBNM | ||
| 100 | 1 | _aRoldán, Gustavo | |
| 245 | 0 | 0 | _aCuentos de Pedro Urdemales |
| 260 |
_aBuenos Aires _bEdiciones culturales argentinas _bCentro Editor de América Latina _c1992 |
||
| 300 |
_a61 p. _bil. |
||
| 490 | 0 | _aCuentos de mi país | |
| 500 | _aContiene índice de los cuentos | ||
| 500 | _aLista de los libros correspondientes a la misma colección | ||
| 650 | 4 | _aCUENTO INFANTIL | |
| 650 | 4 | _aLIBROS PARA NIÑOS | |
| 650 | 4 | _aLITERATURA INFANTIL | |
| 650 | 4 | _aFOLKLORE | |
| 650 | 4 | _aCULTURA | |
| 650 | 4 | _aHUMANIDADES | |
| 650 | 4 | _aLEYENDAS | |
| 650 | 4 | _aFABULAS | |
| 651 | 4 | _aArgentina | |
| 700 | 1 |
_aRoldán, Gustavo _eilustrador |
|
| 942 | _cBK | ||
| 998 | _cisola | ||
| 999 |
_c7599 _d7599 |
||